000 02000cam a22003135a 4500
001 16732911
005 20150920142755.0
008 110408s2011 enka frb 001 0 eng d
020 _a9781405184304 (pbk. : alk. paper)
020 _a1405184302 (pbk. : alk. paper)
040 _aDNLM/DLC
_cDLC
_beng
_dEG-ScBUE
043 _ae-uk---
050 0 0 _aRC674
_b.N89 2011
082 0 4 _a616.120231
_222
_bNUR
245 0 0 _aNursing the cardiac patient /
_cedited by Melanie Humphreys.
260 _aChichester :
_bWiley-Blackwell / A John Wiley & Sons, Ltd., Publication,
_c2011.
300 _axvii, 260 p. :
_bill. ;
_c25 cm.
500 _aIndex : p . 251-260.
504 _aIncludes bibliographical references.
505 0 _aAcute coronary syndromes in perspective / Melanie Humphreys -- Reducing the risk : primary care initiatives / Melanie Humphreys and Brenda Cottam -- Assessment of the cardiovascular system / Jackie Yonker -- Diagnosing acute coronary syndrome / John McGowan -- Unstable angina / John McGowan -- Non-ST segment elevation infarction / Melanie Humphreys -- ST segment elevation infarction / Claire Rushton -- Therapeutic intervention in acute coronary syndromes / Jan Keenan -- Cardiothoracic care / Debbie Danitsch -- Arrhythmias and their management / Melanie Humphreys and Celia Warlow -- Emergency cardiac care / Melanie Humphreys and Lisa Cooper -- Chronic cardiac conditions and their management / Ian Jones and Ann Dormer -- Cardiac rehabilitation / Tim Grove -- Secondary prevention within the community / Tim Grove -- Ethical issues in cardiac care / Pauline Walsh and Fiona Foxall.
650 0 _aHeart
_xDiseases
_xNursing
_zGreat Britain.
_2BUEsh
650 0 _aHeart
_xDiseases
_xPatients
_xNursing
_zGreat Britain.
_2BUEsh
650 1 2 _aCardiovascular Diseases
_xnursing
_zGreat Britain.
_2BUEsh
650 2 2 _aNursing Care
_xmethods
_zGreat Britain.
_2BUEsh
651 _2BUEsh
653 _bNNUR
_cSeptember2015
700 1 _aHumphreys, Melanie,
_eeditor.
942 _2ddc
999 _c20805
_d20777